| 000 | 00823cam a2200217 4500 | ||
|---|---|---|---|
| 001 | 467 | ||
| 005 | 20181127161535.0 | ||
| 008 | 060622s2005 ii a f000 0 eng | ||
| 010 | _a 2006561789 | ||
| 043 |
_aa-ii--- _aa-bt--- |
||
| 100 | 1 | _aSengupta, Ranjana. | |
| 245 | 1 | 0 |
_aIndia & Bhutan along the friendship trail / _c[text, Ranjana Sen Gupta]. |
| 246 | 3 | _aIndia and Bhutan along the friendship trail | |
| 260 |
_aNew Delhi : _bExternal Publicity Division, Ministry of External Affairs, Government of India, _c[2005] |
||
| 300 |
_a121 p. : _bchiefly col. ill. ; _c24 x 28 cm. |
||
| 651 | 0 |
_aBhutan _xRelations _zIndia _vPictorial works. |
|
| 651 | 0 |
_aBhutan _xRelations _zIndia. |
|
| 651 | 0 |
_aIndia _xRelations _zBhutan _vPictorial works. |
|
| 651 | 0 |
_aIndia _xRelations _zBhutan. |
|
| 710 | 1 |
_aIndia. _bExternal Publicity Division. |
|
| 999 |
_c375 _d375 |
||